[Event "Titled Tuesday intern op 16th Apr Early"]
[Site "Chess.com INT"]
[Date "2024.04.16"]
[Round "2"]
[White "Szente Varga, Fruzsina"]
[Black "Sai Agni, Jeevitesh J"]
[Result "1-0"]
[WhiteElo "2025"]
[BlackElo "2274"]
[PlyCount "73"]
[EventDate "2024.04.16"]
[EventType "swiss (blitz)"]
[EventRounds "11"]
[EventCountry "USA"]
[SourceTitle "CB17_2024"]
[SourceDate "2024.04.24"]
[SourceVersion "1"]
[SourceVersionDate "2024.04.24"]
[SourceQuality "1"]

1. e4 e6 2. d4 d5 3. Nd2 Nf6 4. e5 Nfd7 5. f4 c5 6. c3 Nc6 7. Ndf3 Be7 8. Bd3 c4 9. Bc2 g6 10. Ne2 b5 11. 0-0 Qb6 12. g4 h5 13. gxh5 Rxh5 14. Ng3 Rh8 15. Kg2 Nf8 16. Ng5 Bd7 17. Bd2 a5 18. b3 cxb3 19. axb3 b4 20. Ne2 Rh4 21. cxb4 Bxb4 22. Bxb4 Nxb4 23. Bd3 Bb5 24. Bxb5+ Qxb5 25. Nc3 Qd3 26. Qxd3 Nxd3 27. Kg3 Rh5 28. Nb5 Ke7 29. Rfd1 Nb4 30. Rdc1 Nd7 31. Rc7 Na6 32. Rb7 Rah8 33. h3 Nb4 34. Rxa5 Nc6 35. Ra1 Nd8 36. Rba7 Nc6 37. Rc7 1-0

[Event "Titled Tuesday intern op 16th Jan Early"]
[Site "Chess.com INT"]
[Date "2024.01.16"]
[Round "2"]
[White "Szente Varga, Fruzsina"]
[Black "Hirneise, Jens"]
[Result "0-1"]
[WhiteElo "2025"]
[BlackElo "2270"]
[PlyCount "72"]
[EventDate "2024.01.16"]
[EventType "swiss (blitz)"]
[EventRounds "11"]
[EventCountry "USA"]
[SourceTitle "CB04_2024"]
[SourceDate "2023.10.16"]
[SourceVersion "1"]
[SourceVersionDate "2023.10.16"]
[SourceQuality "1"]

1. e4 Nc6 2. d4 d6 3. Nf3 Nf6 4. Nc3 e5 5. dxe5 Nxe5 6. Nxe5 dxe5 7. Qxd8+ Kxd8 8. Bg5 Be6 9. 0-0-0+ Kc8 10. f3 a6 11. Nd5 Nxd5 12. exd5 Bd7 13. Bc4 Bc5 14. Rhe1 f6 15. Be3 Bxe3+ 16. Rxe3 Rd8 17. d6 cxd6 18. Rxd6 Kc7 19. Red3 Bf5 20. Rxd8 Rxd8 21. Rxd8 Kxd8 22. Kd2 h6 23. Bd5 Kc7 24. c4 b6 25. b4 Bc8 26. a4 Kd6 27. Kc3 f5 28. Kd3 Bd7 29. b5 a5 30. Kc3 Kc5 31. Bb7 Be6 32. Bc6 Bxc4 33. Bd7 f4 34. Bf5 Bf1 35. g3 Be2 36. Be4 Bd1 0-1

[Event "Titled Tuesday intern op 19th Sep Late"]
[Site "Chess.com INT"]
[Date "2023.09.19"]
[Round "6"]
[White "Szente Varga, Fruzsina"]
[Black "Shohat, Yotam"]
[Result "1-0"]
[WhiteElo "2015"]
[BlackElo "2332"]
[PlyCount "75"]
[EventDate "2023.09.19"]
[EventType "swiss (blitz)"]
[EventRounds "11"]
[EventCountry "USA"]
[SourceTitle "EXT 2024"]
[Source "ChessBase"]
[SourceDate "2023.10.10"]
[SourceVersion "1"]
[SourceVersionDate "2023.10.10"]
[SourceQuality "1"]

1. e4 e5 2. Nf3 Nc6 3. Bb5 a6 4. Ba4 Nf6 5. 0-0 Nxe4 6. Qe2 Nc5 7. Bxc6 dxc6 8. Nxe5 Be7 9. d3 0-0 10. Nc3 Ne6 11. f4 Nd4 12. Qd1 Bc5 13. Kh1 f6 14. Ne4 Bb6 15. Nc4 Bf5 16. Nxb6 cxb6 17. c3 Ne6 18. Qb3 Kh8 19. Rd1 Qc7 20. Be3 c5 21. Ng3 Bg4 22. Rf1 Rad8 23. f5 Rxd3 24. Qc4 Rxe3 25. Qxg4 Ng5 26. Nh5 Re4 27. Rf4 Rfe8 28. h4 Rxf4 29. Nxf4 Ne4 30. Kg1 Qf7 31. Ne6 Nd6 32. Nf4 Re5 33. Rd1 Qe7 34. Ne6 h6 35. Rxd6 Re1+ 36. Kf2 Re5 37. Rd8+ Kh7 38. Qg6# 1-0

[Event "Speed Chess Q1 Sw"]
[Site "Chess.com INT"]
[Date "2023.08.21"]
[Round "8"]
[White "Prohorov, Olexandr"]
[Black "Szente Varga, Fruzsina"]
[Result "1-0"]
[WhiteElo "2086"]
[BlackElo "2015"]
[PlyCount "113"]
[EventDate "2023.08.21"]
[EventType "k.o. (blitz)"]
[EventRounds "14"]
[EventCountry "USA"]
[SourceTitle "CBM 215 Extra"]
[Source "ChessBase"]
[SourceDate "2023.09.30"]
[SourceVersion "1"]
[SourceVersionDate "2023.09.30"]
[SourceQuality "1"]

1. Nf3 c5 2. e4 Nc6 3. c3 Nf6 4. e5 Nd5 5. d3 d6 6. exd6 exd6 7. h3 Be7 8. d4 0-0 9. Bc4 Nb6 10. Bb3 c4 11. Bc2 d5 12. 0-0 h6 13. b3 Be6 14. a4 cxb3 15. Bxb3 Na5 16. Bc2 Nbc4 17. Qd3 f5 18. Re1 Qd7 19. Qe2 Rf6 20. Bf4 Bd6 21. Be5 Bxe5 22. dxe5 Rff8 23. Nbd2 Rac8 24. Nxc4 Nxc4 25. Rad1 b6 26. Nd4 Nb2 27. Rb1 Nc4 28. Rbd1 Kh8 29. Bb3 Rc5 30. Qf3 g6 31. h4 Kg7 32. h5 g5 33. g3 Rfc8 34. Bc2 Rf8 35. g4 fxg4 36. Qd3 Bg8 37. Qg6+ Kh8 38. Qxh6+ Bh7 39. Bxh7 Qxh7 40. Qxf8+ Qg8 41. Qxg8+ Kxg8 42. e6 Kf8 43. e7+ Ke8 44. Nf5 Rc8 45. Ng7+ Kf7 46. e8Q+ Rxe8 47. Nxe8 Nb2 48. h6 Kg6 49. Re6+ Kh7 50. Rde1 Nd3 51. Re7+ Kg6 52. R1e6+ Kh5 53. h7 g3 54. h8Q+ Kg4 55. Nf6+ Kf5 56. Qh3+ g4 57. Qxg4# 1-0

[Event "Titled Tuesday intern op 15th Aug Late"]
[Site "Chess.com INT"]
[Date "2023.08.15"]
[Round "1"]
[White "Grutter, Tim"]
[Black "Szente Varga, Fruzsina"]
[Result "0-1"]
[WhiteElo "2349"]
[BlackElo "2015"]
[PlyCount "76"]
[EventDate "2023.08.15"]
[EventType "swiss (blitz)"]
[EventRounds "11"]
[EventCountry "USA"]
[SourceTitle "EXT 2024"]
[Source "ChessBase"]
[SourceDate "2023.10.10"]
[SourceVersion "1"]
[SourceVersionDate "2023.10.10"]
[SourceQuality "1"]

1. Nf3 Nf6 2. g3 d5 3. Bg2 g6 4. 0-0 Bg7 5. d3 0-0 6. Nc3 Bf5 7. Nh4 Bg4 8. h3 Be6 9. e4 dxe4 10. dxe4 Nc6 11. Nd5 Qd7 12. Bf4 Rac8 13. Kh2 Rfd8 14. c4 Nh5 15. Be3 Ne5 16. c5 c6 17. Nf4 Nxf4 18. Bxf4 Nd3 19. Rb1 Bxb2 20. Qa4 b5 21. cxb6 axb6 22. Rfd1 b5 23. Qc2 Bf6 24. Bf1 Bc4 25. Nf3 Qe6 26. e5 Nxe5 27. Nxe5 Bxe5 28. Bxc4 bxc4 29. Re1 f6 30. Rbc1 Rd4 31. Re3 Rcd8 32. Rce1 Rd2 33. Qa4 Rxf2+ 34. Kg1 Rdd2 35. Bxe5 fxe5 36. Qa8+ Kg7 37. Qb8 Rg2+ 38. Kf1 Qf5+ 0-1

[Event "Titled Tuesday intern op 15th Aug Late"]
[Site "Chess.com INT"]
[Date "2023.08.15"]
[Round "8"]
[White "Szente Varga, Fruzsina"]
[Black "Garcia Alvarez, Diego"]
[Result "1/2-1/2"]
[WhiteElo "2015"]
[BlackElo "2190"]
[PlyCount "122"]
[EventDate "2023.08.15"]
[EventType "swiss (blitz)"]
[EventRounds "11"]
[EventCountry "USA"]
[SourceTitle "EXT 2024"]
[Source "ChessBase"]
[SourceDate "2023.10.10"]
[SourceVersion "1"]
[SourceVersionDate "2023.10.10"]
[SourceQuality "1"]

1. e4 c5 2. Nf3 e6 3. b3 b6 4. Bb2 Bb7 5. Nc3 d6 6. d4 cxd4 7. Nxd4 Nf6 8. Bb5+ Nbd7 9. Bc6 Bxc6 10. Nxc6 Qc7 11. Nd4 a6 12. 0-0 Be7 13. f3 0-0 14. Kh1 Rac8 15. Nce2 b5 16. Rc1 Rfd8 17. c4 bxc4 18. Rxc4 Qb7 19. Rxc8 Rxc8 20. Qd2 g6 21. Rc1 h5 22. Qh6 Bf8 23. Qg5 Bg7 24. Qg3 Rxc1+ 25. Nxc1 Qc7 26. Nde2 Ne5 27. Bxe5 dxe5 28. Qe1 Qc2 29. h3 Bh6 30. a4 Kg7 31. a5 h4 32. b4 Nh5 33. Kh2 Ng3 34. b5 axb5 35. a6 Qa4 36. Nxg3 hxg3+ 37. Kxg3 Bf4+ 38. Kf2 Qxa6 39. Nd3 Qa2+ 40. Kg1 Qc4 41. Qb1 Be3+ 42. Kh1 Bd4 43. h4 Bc3 44. h5 gxh5 45. Nf2 Bd4 46. Nh3 b4 47. Qe1 b3 48. Qg3+ Kf8 49. Qh4 b2 50. Qd8+ Kg7 51. Qg5+ Kf8 52. Qd8+ Kg7 53. Qg5+ Kh7 54. Qxh5+ Kg8 55. Qg5+ Kf8 56. Qd8+ Kg7 57. Qg5+ Kh8 58. Qf6+ Kg8 59. Qd8+ Kg7 60. Qg5+ Kf8 61. Qd8+ Kg7 1/2-1/2

[Event "Titled Tuesday intern op 01st Aug Early"]
[Site "Chess.com INT"]
[Date "2023.08.01"]
[Round "4"]
[White "Kovalevsky, Stanislav"]
[Black "Szente Varga, Fruzsina"]
[Result "1-0"]
[WhiteElo "2163"]
[BlackElo "2015"]
[PlyCount "61"]
[EventDate "2023.08.01"]
[EventType "swiss (blitz)"]
[EventRounds "11"]
[EventCountry "USA"]
[SourceTitle "EXT 2024"]
[Source "ChessBase"]
[SourceDate "2023.10.10"]
[SourceVersion "1"]
[SourceVersionDate "2023.10.10"]
[SourceQuality "1"]

1. c4 e5 2. Nc3 Nf6 3. g3 g6 4. Bg2 Bg7 5. e4 0-0 6. Nge2 d6 7. 0-0 Be6 8. d3 Qd7 9. f4 Nc6 10. Nd5 Bg4 11. Be3 Ne7 12. Nxe7+ Qxe7 13. f5 gxf5 14. exf5 Qd7 15. Bg5 h6 16. Bxf6 Bxf6 17. h3 Bxe2 18. Qxe2 c6 19. Qh5 Kh7 20. g4 Rg8 21. h4 e4 22. g5 Bxg5 23. hxg5 Rxg5 24. Qh3 Rag8 25. Rf2 d5 26. cxd5 cxd5 27. dxe4 dxe4 28. Re1 Qd4 29. Qe3 Qd6 30. Qxe4 Rh5 31. Qe5 1-0

[Event "Titled Tuesday intern op 01st Aug Early"]
[Site "Chess.com INT"]
[Date "2023.08.01"]
[Round "2"]
[White "Shubenkova, Veronika"]
[Black "Szente Varga, Fruzsina"]
[Result "1-0"]
[WhiteElo "2050"]
[BlackElo "2015"]
[PlyCount "73"]
[EventDate "2023.08.01"]
[EventType "swiss (blitz)"]
[EventRounds "11"]
[EventCountry "USA"]
[SourceTitle "EXT 2024"]
[Source "ChessBase"]
[SourceDate "2023.10.10"]
[SourceVersion "1"]
[SourceVersionDate "2023.10.10"]
[SourceQuality "1"]

1. c4 e5 2. Nc3 Nf6 3. g3 g6 4. Bg2 Bg7 5. d3 0-0 6. e4 d6 7. Nge2 Be6 8. 0-0 Nc6 9. h3 Qd7 10. Kh2 Nd8 11. f4 c6 12. g4 exf4 13. Bxf4 Ne8 14. Ng3 Nc7 15. Rc1 a6 16. Rc2 b5 17. b3 b4 18. Nce2 c5 19. d4 cxd4 20. Nxd4 Rc8 21. Nxe6 Ndxe6 22. Qxd6 Rfd8 23. Qxb4 Nd4 24. Rcf2 Nce6 25. Bc1 Rf8 26. Qa5 Qd6 27. Ba3 Nc5 28. Kg1 Qxg3 29. Bxc5 Qe5 30. b4 Rfe8 31. Kh1 Rc7 32. Qxa6 Ne6 33. Bd6 Qc3 34. Bxc7 Nxc7 35. Qc6 Be5 36. Rf3 Qd2 37. b5 1-0

[Event "Titled Tuesday intern op 25th Jul Early"]
[Site "Chess.com INT"]
[Date "2023.07.25"]
[Round "6"]
[White "Smirnov, Alexandr A"]
[Black "Szente Varga, Fruzsina"]
[Result "1-0"]
[WhiteElo "2136"]
[BlackElo "2075"]
[PlyCount "71"]
[EventDate "2023.07.25"]
[EventType "swiss (blitz)"]
[EventRounds "11"]
[EventCountry "USA"]
[SourceTitle "EXT 2024"]
[Source "ChessBase"]
[SourceDate "2023.10.10"]
[SourceVersion "1"]
[SourceVersionDate "2023.10.10"]
[SourceQuality "1"]

1. e4 e5 2. d4 exd4 3. Qxd4 Nc6 4. Qe3 Nf6 5. Nc3 Be7 6. Bd2 0-0 7. 0-0-0 Re8 8. Qg3 Bb4 9. f3 d5 10. exd5 Nxd5 11. Nxd5 Qxd5 12. Bxb4 Qxa2 13. Bc3 g6 14. Bd3 a5 15. Ne2 Nb4 16. Qh4 Qe6 17. Qh6 Na2+ 18. Kd2 Nxc3 19. Nxc3 Bd7 20. h4 Qb6 21. h5 Re7 22. hxg6 fxg6 23. Nd5 Qf2+ 24. Kc1 Rf7 25. Rd2 Qg3 26. Nf6+ Rxf6 27. Qxh7+ Kf8 28. Qh8+ Ke7 29. Rh7+ Rf7 30. Rxf7+ Kxf7 31. Qxa8 Qe1+ 32. Rd1 Qe3+ 33. Kb1 Bc6 34. Qxa5 Qf2 35. Bc4+ Kg7 36. Qe5+ 1-0

[Event "Titled Tuesday intern op 11th Jul Early"]
[Site "Chess.com INT"]
[Date "2023.07.11"]
[Round "3"]
[White "Domingo Nunez, Ruben"]
[Black "Szente Varga, Fruzsina"]
[Result "1/2-1/2"]
[WhiteElo "2412"]
[BlackElo "2075"]
[PlyCount "86"]
[EventDate "2023.07.11"]
[EventType "swiss (blitz)"]
[EventRounds "11"]
[EventCountry "USA"]
[SourceTitle "EXT 2024"]
[Source "ChessBase"]
[SourceDate "2023.10.10"]
[SourceVersion "1"]
[SourceVersionDate "2023.10.10"]
[SourceQuality "1"]

1. g4 d5 2. Bg2 Bxg4 3. c4 c6 4. cxd5 cxd5 5. Qb3 Nf6 6. Qxb7 Nbd7 7. Nc3 e6 8. e4 dxe4 9. Nxe4 Rb8 10. Nxf6+ Qxf6 11. Qc7 Bc5 12. Qg3 Bh5 13. Nf3 0-0 14. 0-0 Bxf3 15. Bxf3 Bd4 16. Bc6 Ne5 17. Bg2 Bxb2 18. Bxb2 Rxb2 19. d4 Ng6 20. a4 Nf4 21. Kh1 Qxd4 22. a5 Nxg2 23. Kxg2 Qd5+ 24. Kg1 Rb4 25. Rfe1 Qf5 26. h3 h5 27. Re5 Qf6 28. Rae1 h4 29. Qe3 Rf4 30. Re2 Qg6+ 31. Kh2 Ra4 32. Qxa7 Ra1 33. Re1 Rxe1 34. Rxe1 Qf5 35. a6 Qf4+ 36. Kg2 Rd8 37. Qb6 Rd5 38. a7 Rg5+ 39. Kf1 Qc4+ 40. Re2 Qc1+ 41. Re1 Qc4+ 42. Re2 Qc1+ 43. Re1 Qc4+ 1/2-1/2

[Event "Titled Tuesday intern op 11th Jul Early"]
[Site "Chess.com INT"]
[Date "2023.07.11"]
[Round "11"]
[White "Montano, Vicente Guadalupe"]
[Black "Szente Varga, Fruzsina"]
[Result "0-1"]
[WhiteElo "1809"]
[BlackElo "2075"]
[PlyCount "46"]
[EventDate "2023.07.11"]
[EventType "swiss (blitz)"]
[EventRounds "11"]
[EventCountry "USA"]
[SourceTitle "EXT 2024"]
[Source "ChessBase"]
[SourceDate "2023.10.10"]
[SourceVersion "1"]
[SourceVersionDate "2023.10.10"]
[SourceQuality "1"]

1. d4 Nf6 2. c4 g6 3. Nc3 Bg7 4. e4 d6 5. h3 0-0 6. Be3 e5 7. d5 Nbd7 8. g4 Ne8 9. Nf3 f5 10. gxf5 gxf5 11. exf5 Nc5 12. b4 Na6 13. Bg5 Qd7 14. Nh4 Nxb4 15. Ne4 Qf7 16. Rg1 Bxf5 17. Nxf5 Qxf5 18. Bh6 Qxe4+ 19. Qe2 Nc2+ 20. Kd1 Qxe2+ 21. Bxe2 Nxa1 22. Rxg7+ Nxg7 23. Bxg7 Kxg7 0-1

[Event "Titled Tuesday intern op 11th Jul Early"]
[Site "Chess.com INT"]
[Date "2023.07.11"]
[Round "2"]
[White "Szente Varga, Fruzsina"]
[Black "Fonseca Manrique, Enrique"]
[Result "0-1"]
[WhiteElo "2075"]
[BlackElo "2169"]
[PlyCount "72"]
[EventDate "2023.07.11"]
[EventType "swiss (blitz)"]
[EventRounds "11"]
[EventCountry "USA"]
[SourceTitle "EXT 2024"]
[Source "ChessBase"]
[SourceDate "2023.10.10"]
[SourceVersion "1"]
[SourceVersionDate "2023.10.10"]
[SourceQuality "1"]

1. e4 c5 2. Nf3 e6 3. b3 Nc6 4. Bb2 Qc7 5. Nc3 a6 6. g3 Nf6 7. Bg2 Be7 8. 0-0 d6 9. d4 cxd4 10. Nxd4 0-0 11. Nce2 d5 12. exd5 exd5 13. Nf4 Rd8 14. Qd2 Bb4 15. c3 Bc5 16. Rac1 Ne5 17. Nd3 Nxd3 18. Qxd3 Bg4 19. Rfe1 Rac8 20. Nf5 Bh5 21. Qd2 Bg6 22. Nh4 Ne4 23. Bxe4 dxe4 24. Qe2 e3 25. f4 Bd3 26. Qg4 e2+ 27. Kg2 Qc6+ 28. Kh3 Qh6 29. c4 Rc6 30. f5 Bf2 31. f6 Bxe1 32. Rxe1 Re6 33. fxg7 Bg6 34. Kg2 Qd2 35. Bf6 Qxe1 36. Bxd8 Qf1# 0-1

[Event "Titled Tuesday intern op 27th Jun Late"]
[Site "Chess.com INT"]
[Date "2023.06.27"]
[Round "3"]
[White "Allam, Yara"]
[Black "Szente Varga, Fruzsina"]
[Result "0-1"]
[WhiteElo "1858"]
[BlackElo "2075"]
[PlyCount "122"]
[EventDate "2023.06.27"]
[EventType "swiss (blitz)"]
[EventRounds "11"]
[EventCountry "USA"]
[SourceTitle "EXT 2024"]
[Source "ChessBase"]
[SourceDate "2023.10.10"]
[SourceVersion "1"]
[SourceVersionDate "2023.10.10"]
[SourceQuality "1"]

1. e4 Nf6 2. e5 Nd5 3. c4 Nb6 4. d4 d6 5. exd6 exd6 6. Nc3 Be7 7. h3 0-0 8. Nf3 Bf6 9. Be2 Nc6 10. 0-0 Re8 11. Be3 Bf5 12. Rc1 Bg6 13. b3 d5 14. c5 Nc8 15. a3 N8e7 16. b4 a6 17. Qb3 Qd7 18. Rfd1 Rad8 19. a4 Nf5 20. b5 axb5 21. axb5 Na5 22. Qb4 b6 23. Bf4 h6 24. Bf1 Nh4 25. Ne5 Bxe5 26. dxe5 d4 27. Ne2 d3 28. Nc3 Qd4 29. Qxd4 Rxd4 30. Be3 Rd7 31. cxb6 cxb6 32. Bxb6 Nc4 33. Bc5 Nxe5 34. f4 Nc4 35. g3 Nf3+ 36. Kf2 d2 37. Ra1 Nb2 38. Kxf3 Nxd1 39. Rxd1 Re1 40. Be3 Rxd1 41. Nxd1 Bc2 42. Be2 f5 43. b6 Be4+ 44. Kf2 Kf7 45. Bb5 Rb7 46. Ba4 Ke6 47. Bxd2 Rxb6 48. Be3 Ra6 49. Bb3+ Kd6 50. Nc3 Bd3 51. Bf7 Ke7 52. Bd5 Kf6 53. h4 g5 54. Nd1 g4 55. Bd4+ Kg6 56. Ne3 Rd6 57. Bb3 Rxd4 58. Bd1 Be4 59. Be2 Rd2 60. Nf1 Ra2 61. Ne3 Bf3 0-1